000 00532nam a2200193 a 4500
001 1776331654663
003 YourLibrary
005 20260416150023.0
008 260416s2005##################000#0#eng##
020 _a9780199284665
082 0 4 _a361.65094
_bFER
100 1 _aFerrera, Maurizio,
_eauthor.
245 1 0 _aThe Boundaries of Welfare :
260 _bOxford University Press, USA,
_c2005.
300 _a316 pages
650 0 _aLanguage Arts & Disciplines.
942 _cENGLISH
040 _aYourLibrary
_beng
_cYourLibrary
999 _c619580
_d619580